| 000 | 00420nam a22001697a 4500 | ||
|---|---|---|---|
| 001 | 25475 | ||
| 005 | 20260417083937.0 | ||
| 008 | 260417b |||||||| |||| 00| 0 spa d | ||
| 020 | _a9786125035578 | ||
| 100 | _aZeballos Velarde, Carlos | ||
| 245 | _aArequipa moderna y contemporánea I | ||
| 260 |
_a : _b , |
||
| 300 |
_a000 páginas : _b ; _c00 cm. |
||
| 440 | _a ; | ||
| 700 | _a; | ||
| 942 |
_cLIB _dJUS _fJUS _n0 _2ddc |
||
| 999 |
_c25475 _d25475 |
||